000 00789nam a2200217 i 4500
001 189084
003 SpMaBN
005 20250815115529.0
008 190328s1945 sp a |||| | spa d
080 _a74(07)
100 1 _aFreixas, Emilio.
_952483
245 1 0 _aLecciones de dibujo artístico (1ª parte)
_b: (cómo aprender a dibujar) /
_cEmilio Freixas ; [cien ilustraciones del autor].
250 _a3ª ed.
260 _aBarcelona :
_bSuc. de E. Meseguer,
_c1945.
300 _a1 v. (122 p. :
_bil.) ;
_c18 cm.
505 8 _aContiene: 1ª parte ;
_tCómo aprender a dibujar
599 _aRetr. del autor en cub.
650 0 7 _aDibujo
_2embne
_911860
852 _aES-MaACL
_jL-32257
_z. - Donat. herederos de la bibl. de Mª del Pilar Costa Palacín
999 _c189084
_d189084